[Event "Santa Margalida Mallorca-ch"]
[Site "Santa Margalida"]
[Date "2016.11.12"]
[Round "2"]
[White "Alemany Jara, Alejandro"]
[Black "Pujadas Poulsen, Javier"]
[Result "1-0"]
[WhiteElo "2025"]
[BlackElo "1721"]
[PlyCount "107"]
[EventDate "2016.11.11"]
[EventType "swiss"]
[EventRounds "8"]
[EventCountry "ESP"]
[SourceTitle "EXT 2018"]
[Source "ChessBase"]
[SourceDate "2017.10.13"]
[SourceVersion "1"]
[SourceVersionDate "2017.10.13"]
[SourceQuality "1"]

1. d4 Nf6 2. Nf3 g6 3. Bf4 Bg7 4. e3 0-0 5. Bd3 c5 6. Nbd2 cxd4 7. exd4 Nc6 8. c3 d5 9. Qe2 a5 10. h3 h5 11. Ne5 Bf5 12. Bxf5 gxf5 13. g4 fxg4 14. hxg4 hxg4 15. Nxg4 Nxg4 16. Qxg4 f6 17. Rg1 Rf7 18. 0-0-0 e5 19. Bh6 Qd7 20. Qh4 Qf5 21. Rg3 Rc8 22. Rdg1 Rcc7 23. Bxg7 Rxg7 24. Rh1 Rxg3 25. Qh8+ Kf7 26. fxg3 Ke6 27. Qg8+ Kd6 28. Rf1 Rc8 29. Qf7 Qd7 30. Qxf6+ Qe6 31. dxe5+ Nxe5 32. Qxe6+ Kxe6 33. Nf3 Nc4 34. Nd4+ Ke5 35. g4 Ne3 36. Re1 Kf4 37. Ne6+ Kf3 38. g5 Rg8 39. Kd2 Nc4+ 40. Kc2 Rg6 41. Nd4+ Kf4 42. b3 Nd6 43. Re6 Rxe6 44. Nxe6+ Kf5 45. Nc7 Kxg5 46. Nxd5 Nc8 47. Kd3 Kf5 48. Kd4 b6 49. Nc7 Ne7 50. Na8 Nc8 51. Kd5 Kf6 52. Kc6 Ne7+ 53. Kxb6 Nd5+ 54. Kxa5 1-0

[Event "Mallorca-chC"]
[Site "Palma de Mallorca"]
[Date "2011.11.12"]
[Round "4"]
[White "Baldo Company, Jordi"]
[Black "Pujadas Poulsen, Javier"]
[Result "1-0"]
[WhiteElo "1749"]
[BlackElo "1665"]
[PlyCount "95"]
[EventDate "2011.10.29"]
[EventType "swiss"]
[EventRounds "8"]
[EventCountry "ESP"]
[SourceTitle "EXT 2017"]
[Source "ChessBase"]
[SourceDate "2016.10.25"]
[SourceVersion "1"]
[SourceVersionDate "2016.10.25"]
[SourceQuality "1"]

1. e4 c5 2. Nc3 d6 3. f4 Nf6 4. Nf3 Nc6 5. Bc4 Bg4 6. e5 Bxf3 7. Qxf3 dxe5 8. fxe5 Nxe5 9. Bb5+ Ned7 10. Qxb7 e6 11. Bxd7+ Nxd7 12. Nb5 Rc8 13. 0-0 c4 14. Nc3 Qb6+ 15. Qxb6 axb6 16. b3 Bc5+ 17. Kh1 cxb3 18. axb3 Bd4 19. Ra7 Bxc3 20. dxc3 Ke7 21. Ba3+ Kd8 22. Rxf7 Ne5 23. Rxg7 Rxc3 24. Ra8+ Rc8 25. Be7+ Kd7 26. Bf6+ Kd6 27. Rxc8 Rxc8 28. Bxe5+ Kxe5 29. c4 Rd8 30. Kg1 Rd3 31. Rg5+ Kd6 32. Rb5 Kc6 33. Kf2 Rc3 34. g4 Rc2+ 35. Kg3 Re2 36. h4 e5 37. Kf3 Re1 38. g5 e4+ 39. Kg2 e3 40. h5 e2 41. Re5 Kd6 42. Re3 Kc5 43. g6 hxg6 44. hxg6 Rf1 45. Rxe2 Rf6 46. Re5+ Kd6 47. Rg5 Ke7 48. g7 1-0